| 000 | 00681nam a22002177a 4500 | ||
|---|---|---|---|
| 003 | BUBTL | ||
| 008 | 171204b xxu||||| |||| 00| 0 eng d | ||
| 020 | _a978-0-07-125952-1 | ||
| 082 |
_a658.1511 _bGAA |
||
| 100 |
_927 _aGarrison, Ray H. |
||
| 245 |
_aManagerial Accouting _cGarrison, Ray H. / Eric W. Noreen /Peter C. Brewer |
||
| 250 | _a14th | ||
| 260 |
_aIrwin _bMc Graw Hill _c2012 |
||
| 300 |
_a762p . : _bill , Graph ; 25cm . _cAccounting . |
||
| 500 | _aIncludes Index . | ||
| 650 | 0 |
_95 _aAccounting |
|
| 700 |
_91598 _aGarrison, Ray H. / Eric W. Noreen /Peter C. Brewer |
||
| 856 |
_k0 _l0 _yDownload |
||
| 942 |
_2ddc _cBK |
||
| 999 |
_c5583 _d5583 |
||